Reader's digest illustrated dictionary of essential knowledge (Record no. 4771)

MARC details
000 -LEADER
fixed length control field 00478nam a2200169Ia 4500
003 - CONTROL NUMBER IDENTIFIER
control field GBCCL
005 - DATE AND TIME OF LATEST TRANSACTION
control field 20241126110526.0
008 - FIXED-LENGTH DATA ELEMENTS--GENERAL INFORMATION
fixed length control field 180205b ||||| |||| 00| 0 eng d
020 ## - INTERNATIONAL STANDARD BOOK NUMBER
International Standard Book Number 0276421531
040 ## - CATALOGING SOURCE
Transcribing agency gbc
082 ## - DEWEY DECIMAL CLASSIFICATION NUMBER
Classification number 030
Item number REA
245 ## - TITLE STATEMENT
Title Reader's digest illustrated dictionary of essential knowledge
260 ## - PUBLICATION, DISTRIBUTION, ETC.
Name of publisher, distributor, etc. The Reader's Digest association limited
Place of publication, distribution, etc. London :
Date of publication, distribution, etc. 1995
300 ## - PHYSICAL DESCRIPTION
Extent 606p. ;
650 ## - SUBJECT ADDED ENTRY--TOPICAL TERM
Topical term or geographic name entry element Essential knowledge
Form subdivision Dictionary
9 (RLIN) 8705
942 ## - ADDED ENTRY ELEMENTS (KOHA)
Source of classification or shelving scheme Dewey Decimal Classification
Koha item type Reference Books
Holdings
Withdrawn status Lost status Source of classification or shelving scheme Damaged status Not for loan Home library Current Library Shelving location Date acquired Total checkouts Full call number Barcode Date last seen Copy number Price effective from Koha item type
    Dewey Decimal Classification     GRACE BIBLE COLLEGE GRACE BIBLE COLLEGE Dictionary 2018-02-05   030 REA 004975 2025-05-01 c.1 2018-02-05 Reference Books
© Grace Bible College Library 2025